000 00520 a2200169 4500
020 _a1904798462
020 _a9781904798460
082 0 4 _a531
090 _c534
_d534
100 1 _aKakani, Shubhra.
245 1 0 _aMechanics /
_cShubhra Kakani, C. Hemrajani.
260 _a[S.l.] :
_bAnshan Ltd,
_c2005.
300 _a606 p. ;
_c25 cm.
700 _aHemrajani, C.
942 _aSNS
_cBK
_k531 KAK
999 _c29164
_d29164